00678nam a2200241 a 4500001001300000003000900013005001700022008004100039020001000080082001500090100002200105245005200127260003400179300000900213500003500222505001100257650002300268700002200291902000800313942000700321952009500328999001300423nice12345678IN_TiNIC20260116011321.0050524s1926 oxfa grp 000 0 eng  ac10000a220.3bJEN aJennings, William aLexicon to the Syriac New Testamentb Peshitta. aOxfordbClarendon Pressc1926 a243p aincludes index and biblioraphy2 aIllus. aBible-Dictionaries1 aJennings, William bSRS cBK 00104070aHMIbHMId2007-08-01g100.00l0o220.3 JENp1723r2007-08-01w2026-01-16yARB c457d457